<?xml version="1.0" encoding="UTF-8"?>
<collection xmlns="http://www.loc.gov/MARC21/slim">
 <record>
  <leader>01451nam a2200481   4500</leader>
  <controlfield tag="001">DLU050047986</controlfield>
  <controlfield tag="005">##20050622</controlfield>
  <controlfield tag="007">##cr cn-</controlfield>
  <controlfield tag="008">##990519c19999999nyuar        i0    0eng d</controlfield>
  <datafield tag="010" ind1="#" ind2="#">
   <subfield code="a">sn 99018059 </subfield>
   <subfield code="z">   99061598 </subfield>
  </datafield>
  <datafield tag="035" ind1="#" ind2="#">
   <subfield code="a">(OCoLC)ocm41393438 </subfield>
  </datafield>
  <datafield tag="040" ind1="#" ind2="#">
   <subfield code="a">MBNU-L</subfield>
   <subfield code="c">MBNU-L</subfield>
   <subfield code="d">CLU</subfield>
   <subfield code="d">GU</subfield>
   <subfield code="d">DLC</subfield>
   <subfield code="d">MH</subfield>
   <subfield code="d">GU</subfield>
   <subfield code="d">CU-S</subfield>
  </datafield>
  <datafield tag="042" ind1="#" ind2="#">
   <subfield code="a">lc</subfield>
  </datafield>
  <datafield tag="050" ind1="#" ind2="#">
   <subfield code="a">UG490</subfield>
   <subfield code="b">.L363</subfield>
  </datafield>
  <datafield tag="082" ind1="#" ind2="#">
   <subfield code="a">341.7</subfield>
   <subfield code="b">ICB</subfield>
  </datafield>
  <datafield tag="110" ind1="#" ind2="#">
   <subfield code="a">International Campaign to Ban Landmines(ICBL)</subfield>
  </datafield>
  <datafield tag="245" ind1="#" ind2="#">
   <subfield code="a">Landmine monitor report 1999 :</subfield>
   <subfield code="b">toward a mine-free world /</subfield>
   <subfield code="c">International Campaign to Ban Landmines</subfield>
  </datafield>
  <datafield tag="260" ind1="#" ind2="#">
   <subfield code="a">New York, NY :</subfield>
   <subfield code="b">Human Rights Watch,</subfield>
   <subfield code="c">1999</subfield>
  </datafield>
  <datafield tag="300" ind1="#" ind2="#">
   <subfield code="a">v.1071 p. :</subfield>
   <subfield code="b">ill. ;</subfield>
   <subfield code="c">23 cm.</subfield>
  </datafield>
  <datafield tag="310" ind1="#" ind2="#">
   <subfield code="a">Annual</subfield>
  </datafield>
  <datafield tag="530" ind1="#" ind2="#">
   <subfield code="a">Also issued online.</subfield>
  </datafield>
  <datafield tag="630" ind1="#" ind2="#">
   <subfield code="a">Mine Ban Treaty</subfield>
   <subfield code="d">(1997)</subfield>
   <subfield code="v">Periodicals.</subfield>
  </datafield>
  <datafield tag="650" ind1="#" ind2="#">
   <subfield code="a">Land mine victims</subfield>
   <subfield code="v">Periodicals.</subfield>
  </datafield>
  <datafield tag="650" ind1="#" ind2="#">
   <subfield code="a">Land mines (International law)</subfield>
   <subfield code="v">Periodicals.</subfield>
  </datafield>
  <datafield tag="650" ind1="#" ind2="#">
   <subfield code="a">Land mines</subfield>
   <subfield code="v">Periodicals.</subfield>
  </datafield>
  <datafield tag="710" ind1="#" ind2="#">
   <subfield code="a">International Campaign to Ban Landmines.</subfield>
  </datafield>
  <datafield tag="850" ind1="#" ind2="#">
   <subfield code="a">CLU</subfield>
   <subfield code="a">DLC</subfield>
   <subfield code="a">GU</subfield>
  </datafield>
  <datafield tag="852" ind1="#" ind2="#">
   <subfield code="x">universal pattern</subfield>
  </datafield>
  <datafield tag="853" ind1="#" ind2="#">
   <subfield code="8">1</subfield>
   <subfield code="a">(year)</subfield>
   <subfield code="w">a</subfield>
  </datafield>
  <datafield tag="856" ind1="#" ind2="#">
   <subfield code="u">http://bibpurl.oclc.org/web/7009</subfield>
   <subfield code="u">http://www.icbl.org/lm/</subfield>
  </datafield>
  <datafield tag="863" ind1="#" ind2="#">
   <subfield code="8">1.1</subfield>
   <subfield code="a">1999</subfield>
  </datafield>
  <datafield tag="923" ind1="#" ind2="#">
   <subfield code="a">18/2005</subfield>
  </datafield>
  <datafield tag="992" ind1="#" ind2="#">
   <subfield code="a">58700</subfield>
  </datafield>
  <datafield tag="994" ind1="#" ind2="#">
   <subfield code="a">DLU</subfield>
  </datafield>
  <datafield tag="998" ind1="#" ind2="#">
   <subfield code="a">KY</subfield>
  </datafield>
  <datafield tag="900" ind1="#" ind2="#">
   <subfield code="a">True</subfield>
  </datafield>
  <datafield tag="911" ind1="#" ind2="#">
   <subfield code="a">Nguyễn Thị Tố Hạnh</subfield>
  </datafield>
  <datafield tag="925" ind1="#" ind2="#">
   <subfield code="a">G</subfield>
  </datafield>
  <datafield tag="926" ind1="#" ind2="#">
   <subfield code="a">A</subfield>
  </datafield>
  <datafield tag="927" ind1="#" ind2="#">
   <subfield code="a">SH</subfield>
  </datafield>
  <datafield tag="980" ind1="#" ind2="#">
   <subfield code="a">Thư viện Trường Đại học Đà Lạt</subfield>
  </datafield>
 </record>
</collection>
